LOTR- Les personnages présents au Conseil d'Elrond - Statistiques

Statistiques générales
  • Ce quiz a été pris 164 fois
  • Le résultat moyen est 7 sur 12
Statistiques - réponses
Participants au Conseil d'Elrond % Correct
Gandalf
99%
Elrond
96%
Legolas
96%
Frodon
94%
Gimli
92%
Aragorn
90%
Boromir
87%
Gloin
30%
Bilbon
23%
Glorfindel
11%
Erestor
5%
Galdor
1%
Aucun quiz correspondant
Distribution des résultats
% des personnes avec chaque résultat
Percentile par nombre de réponses
Votre historique - résultats
Vous n’avez pas pris ce quiz